LIBRARY & INFORMATION CENTRE, KCAET, TAVANUR

ONLINE PUBLIC ACCESS CATALOGUE (OPAC)

Aanakkatha / (Record no. 6325)

MARC details
000 -LEADER
fixed length control field 00377cam a2200169ua 4500
041 ## - LANGUAGE CODE
Language code of text/sound track or separate title mal
082 ## - DEWEY DECIMAL CLASSIFICATION NUMBER
Classification number 894.812
Item number KOR/AA
100 ## - MAIN ENTRY--AUTHOR NAME
Personal name Korathu, P C .
245 ## - TITLE STATEMENT
Title Aanakkatha /
260 ## - PUBLICATION, DISTRIBUTION, ETC. (IMPRINT)
Place of publication :
Name of publisher P C Korathu ,
Year of publication 1963.
300 ## - PHYSICAL DESCRIPTION
Number of Pages 100.
942 ## - ADDED ENTRY ELEMENTS (KOHA)
Koha item type Books
Holdings
Withdrawn status Lost status Damaged status Home library Current library Date acquired Full call number Accession Number Koha item type
Withdrawn     KAUAET Sanskrit University 07/04/2012 894.812 1127 Books
free website counter